Change : Reading in society & human behavior
Đã lưu trong:
| 格式: | 圖書 |
|---|---|
| 語言: | Undetermined |
| 出版: |
[America]
Communications Research Machines, Inc
1967
|
| 主題: | |
| 標簽: |
添加標簽
沒有標簽, 成為第一個標記此記錄!
|
| Thư viện lưu trữ: | Trung tâm Học liệu Trường Đại học Cần Thơ |
|---|
| LEADER | 00489nam a2200181Ia 4500 | ||
|---|---|---|---|
| 001 | CTU_90034 | ||
| 008 | 210402s9999 xx 000 0 und d | ||
| 082 | |a 302 | ||
| 082 | |b C456 | ||
| 245 | 0 | |a Change : | |
| 245 | 0 | |b Reading in society & human behavior | |
| 260 | |a [America] | ||
| 260 | |b Communications Research Machines, Inc | ||
| 260 | |c 1967 | ||
| 650 | |a Society | ||
| 650 | |x Human behavior | ||
| 904 | |i Mai Loan,Hải | ||
| 980 | |a Trung tâm Học liệu Trường Đại học Cần Thơ | ||